000 00654nam a2200253Ia 4500
003 OSt
005 20221005122757.0
006 a|||||r|||| 00| 0
007 ta
008 221004b |||||||| |||| 00| 0 eng d
024 _a66039
037 _cTextual
040 _aCRL
_cCRL
_beng
041 _2eng
_aeng
082 _aWxM18w, H9
100 _aBerlin Isaiah
245 0 _aKarl Marx
_b His life and environment
250 _a2nd
260 _c1949
490 _aHome university library of modern knowledge, 189.
650 _aPOLITICAL SCIENCE
942 _hWxM18w, H9
_cTEXL
_2cc
999 _c1045326
_d1045326